UM Logo

External magnetic field minimization for the integrated magnetics in series resonant converter / (Record no. 18861)

MARC details
000 -LEADER
fixed length control field 01041nam a22002537a 4500
003 - CONTROL NUMBER IDENTIFIER
control field OSt
005 - DATE AND TIME OF LATEST TRANSACTION
control field 20251017184206.0
008 - FIXED-LENGTH DATA ELEMENTS--GENERAL INFORMATION
fixed length control field 240201b ||||| |||| 00| 0 eng d
040 ## - CATALOGING SOURCE
Transcribing agency 0
082 ## - DEWEY DECIMAL CLASSIFICATION NUMBER
Classification number DPer 621.317 Ie21 January 2022 v. 37 n. 1
100 ## - MAIN ENTRY--PERSONAL NAME
Personal name Yang, Jinxu.
Relator term author.
9 (RLIN) 51134
245 ## - TITLE STATEMENT
Title External magnetic field minimization for the integrated magnetics in series resonant converter /
Statement of responsibility, etc. Jinxu Yang, Xinkle Wu, Faheem Muhammad, and Zhijiang Deng.
260 ## - PUBLICATION, DISTRIBUTION, ETC. (IMPRINT)
Place of publication, distribution, etc. New York ;
Name of publisher, distributor, etc. The Institute of Electrical and Electronics Engineers, Inc. ,
Date of publication, distribution, etc. January 2022.
300 ## - PHYSICAL DESCRIPTION
Extent Volume 37, pages 498-508 :
Other physical details illustration ;
Dimensions 28 cm.
500 ## - GENERAL NOTE
General note IEEE Transactions on Power Electronics, v. 37 n. 1, pages 498-508, January 2022.
650 #0 - SUBJECT ADDED ENTRY--TOPICAL TERM
Topical term or geographic name as entry element Inductors.
9 (RLIN) 65801
650 #0 - SUBJECT ADDED ENTRY--TOPICAL TERM
Topical term or geographic name as entry element Magnetic resonance.
9 (RLIN) 65859
650 #0 - SUBJECT ADDED ENTRY--TOPICAL TERM
Topical term or geographic name as entry element Windings.
9 (RLIN) 65851
700 ## - ADDED ENTRY--PERSONAL NAME
Personal name Yang, Jinxu.
Relator term author.
9 (RLIN) 51134
700 ## - ADDED ENTRY--PERSONAL NAME
Personal name Wu, Xinkle.
Relator term author.
9 (RLIN) 51135
700 ## - ADDED ENTRY--PERSONAL NAME
Personal name Muhammad, Faheem.
Relator term author.
9 (RLIN) 51136
700 ## - ADDED ENTRY--PERSONAL NAME
Personal name Deng, Zhijiang.
Relator term author.
9 (RLIN) 51137
942 ## - ADDED ENTRY ELEMENTS (KOHA)
Source of classification or shelving scheme Dewey Decimal Classification
Koha item type Periodicals
Holdings
Withdrawn status Lost status Source of classification or shelving scheme Damaged status Not for loan Collection code Home library Current library Date acquired Total Checkouts Full call number Date last seen Price effective from Koha item type Public note
    Dewey Decimal Classification     Periodicals UM Digos College - LIC UM Digos College - LIC 02/01/2024   DPer 621.317 Ie21 January 2022 v. 37 n. 1 02/01/2024 02/01/2024 Periodicals Periodical Article